| 000 | 00508nam a2200157 i 4500 | ||
|---|---|---|---|
| 001 | 187816 | ||
| 003 | SpMaBN | ||
| 005 | 20230906223033.0 | ||
| 008 | 180309s1930 sp |||| | spa d | ||
| 100 | 1 |
_aMata, Pedro, _d1875-1946 _978887 |
|
| 245 | 1 | 0 |
_aChamberí _b: novela / _cPedro Mata. |
| 260 |
_aMadrid : _bPueyo, _c1930 ( _fImp. Helénica) |
||
| 300 |
_a352 p. ; _c20 cm. |
||
| 852 |
_aES-MaACL _jL-31878 _z. - Donat. herederos de la bibl. de Mª del Pilar Costa Palacín |
||
| 999 |
_c187816 _d187816 |
||